000 00488nam a2200181Ia 4500
001 12445
005 20260306162942.0
008 260306t2024||||xx |||||||||||||| ||spa||
041 _aESP
082 _aHR 346
_bFEB 2024 ACI
110 _aInstituto Pacífico
245 0 _aActualidad civil :
_brevista de derecho civil, procesal civil, registral e inmobiliario
260 _c2024
300 _a316 páginas :
_c25 cm.
650 _aGEN
654 _aCDE
942 _cREV
_dJUS
_fJUS
_2ddc
_n
999 _c12445
_d12445